[Event "Romanian-ch Open 2022"]
[Site "Eforie Nord"]
[Date "2022.02.21"]
[Round "2.28"]
[White "Ignat, Matei-Marius"]
[Black "Pirvulescu, Adrian"]
[Result "1-0"]
[WhiteElo "2053"]
[BlackElo "1843"]
[Annotator "ChessBase"]
[PlyCount "63"]
[EventDate "2022.02.20"]
[EventType "swiss"]
[EventCountry "ROU"]
[SourceTitle "playchess.com"]
[Source "ChessBase"]
[SourceQuality "1"]
[TimeControl "40/5400+30:900+30"]

1. e4 {[%emt 0:00:06]} Nf6 {[%emt 0:00:22]} 2. e5 {[%emt 0:00:08]} Nd5 {[%emt 0:00:10]} 3. d4 {[%emt 0:00:05]} d6 {[%emt 0:00:16]} 4. Nf3 {[%emt 0:00:17]} Nb6 {[%emt 0:00:30]} 5. Be2 {[%emt 0:03:06]} g6 {[%emt 0:00:28]} 6. O-O {[%emt 0:01:18]} Bg7 {[%emt 0:00:04]} 7. c4 {[%emt 0:05:42]} O-O {[%emt 0:00:59]} 8. h3 {[%emt 0:15:25]} Bf5 {[%emt 0:22:39]} 9. b3 {[%emt 0:09:14]} Nc6 {[%emt 0:09:07]} 10. exd6 {[%emt 0:00:17]} cxd6 {[%emt 0:01:16]} 11. Bb2 {[%emt 0:00:50]} Bxb1 {[%emt 0:07:14]} 12. Rxb1 {[%emt 0:00:32]} d5 {[%emt 0:00:08]} 13. c5 {[%emt 0:03:36]} Nc8 {[%emt 0:00:49]} 14. Qd2 {[%emt 0:01:05]} e6 {[%emt 0:00:42]} 15. b4 {[%emt 0:01:57]} a6 {[%emt 0:00:22]} 16. a4 {[%emt 0:01:03]} N8e7 {[%emt 0:02:01]} 17. b5 {[%emt 0:06:17]} axb5 {[%emt 0:01:01]} 18. axb5 {[%emt 0:00:36]} Na5 {[%emt 0:01:40]} 19. Qb4 {[%emt 0:01:04]} Nf5 {[%emt 0:04:13]} 20. Ra1 {[%emt 0:01:29]} b6 {[%emt 0:02:25]} 21. Ra2 {[%emt 0:05:28]} Nc6 {[%emt 0:18:42]} 22. Rxa8 {[%emt 0:16:29]} Nxb4 {[%emt 0:00:53]} 23. Rxd8 {[%emt 0:00:04]} Rxd8 {[%emt 0:00:35]} 24. cxb6 {[%emt 0:00:05]} Nc2 {[%emt 0:15:53]} 25. Rc1 {[%emt 0:03:11]} Ncxd4 {[%emt 0:02:59]} 26. Nxd4 {[%emt 0:02:23]} Nxd4 {[%emt 0:05:49]} 27. Bxd4 {[%emt 0:00:06]} Bxd4 {[%emt 0:00:05]} 28. b7 {[%emt 0:00:02]} Ba7 {[%emt 0:01:56]} 29. Rc8 {[%emt 0:00:09]} Rf8 {[%emt 0:00:22]} 30. b6 {[%emt 0:00:17]} Bb8 {[%emt 0:00:21]} 31. Bb5 {[%emt 0:00:06]} f5 {[%emt 0:01:26]} 32. Be8 {[%emt 0:00:56]} 1-0

[Event "Romanian-ch Open 2022"]
[Site "Eforie Nord"]
[Date "2022.02.21"]
[Round "2.30"]
[White "Veress, Armand"]
[Black "Visanescu, Dragos-Nicholas"]
[Result "1-0"]
[WhiteElo "2034"]
[BlackElo "1781"]
[Annotator "ChessBase"]
[PlyCount "75"]
[EventDate "2022.02.20"]
[EventType "swiss"]
[EventCountry "ROU"]
[SourceTitle "playchess.com"]
[Source "ChessBase"]
[SourceQuality "1"]
[TimeControl "40/5400+30:900+30"]

1. d4 {[%emt 0:02:29]} d5 {[%emt 0:00:05]} 2. Bg5 {[%emt 0:00:26]} h6 {[%emt 0:00:19]} 3. Bh4 {[%emt 0:00:06]} c6 {[%emt 0:00:06]} 4. Nf3 {[%emt 0:01:53]} Qb6 {[%emt 0:00:06]} 5. b3 {[%emt 0:00:18]} Bf5 {[%emt 0:00:17]} 6. e3 {[%emt 0:01:15]} e6 {[%emt 0:00:45]} 7. Bd3 {[%emt 0:00:23]} Bxd3 {[%emt 0:00:11]} 8. Qxd3 {[%emt 0:00:18]} Ne7 {[%emt 0:00:22]} 9. Bg3 {[%emt 0:06:18]} Nf5 {[%emt 0:01:36]} 10. O-O {[%emt 0:01:57]} Nxg3 {[%emt 0:00:12]} 11. hxg3 {[%emt 0:00:06]} Nd7 {[%emt 0:00:15]} 12. c4 {[%emt 0:01:52]} Be7 {[%emt 0:02:09]} 13. Nc3 {[%emt 0:01:47]} O-O {[%emt 0:00:43]} 14. c5 {[%emt 0:07:25]} Qc7 {[%emt 0:02:05]} 15. b4 {[%emt 0:01:21]} e5 {[%emt 0:04:05]} 16. Qf5 {[%emt 0:02:48]} Bf6 {[%emt 0:01:50]} 17. Rab1 {[%emt 0:06:41]} a5 {[%emt 0:04:06]} 18. Na4 {[%emt 0:10:28]} e4 {[%emt 0:09:06]} 19. Nd2 {[%emt 0:02:50]} b5 {[%emt 0:01:34]} 20. cxb6 {[%emt 0:01:35]} Nxb6 {[%emt 0:00:47]} 21. Nxb6 {[%emt 0:00:58]} Qxb6 {[%emt 0:00:05]} 22. b5 {[%emt 0:00:51]} c5 {[%emt 0:08:02]} 23. dxc5 {[%emt 0:02:25]} Qxc5 {[%emt 0:02:38]} 24. Nxe4 {[%emt 0:00:19]} Qe7 {[%emt 0:04:30]} 25. Nxf6+ {[%emt 0:00:07]} Qxf6 {[%emt 0:00:39]} 26. Qxf6 {[%emt 0:00:10]} gxf6 {[%emt 0:00:04]} 27. Rfd1 {[%emt 0:00:06]} Rfd8 {[%emt 0:00:26]} 28. Rbc1 {[%emt 0:00:18]} Ra7 {[%emt 0:01:17]} 29. Rd4 {[%emt 0:00:53]} Re7 {[%emt 0:04:18]} 30. Rc6 {[%emt 0:01:30]} Re6 {[%emt 0:00:32]} 31. Rc7 {[%emt 0:00:41]} Re4 {[%emt 0:08:37]} 32. Ra7 {[%emt 0:00:47]} Rxd4 {[%emt 0:01:46]} 33. exd4 {[%emt 0:00:05]} Rb8 {[%emt 0:00:51]} 34. Rxa5 {[%emt 0:00:06]} Kf8 {[%emt 0:00:07]} 35. a4 {[%emt 0:00:04]} Ke7 {[%emt 0:00:06]} 36. Ra7+ {[%emt 0:00:05]} Ke6 {[%emt 0:00:38]} 37. g4 {[%emt 0:00:09]} f5 {[%emt 0:00:50]} 38. Ra6+ {[%emt 0:00:08]} 1-0

[Event "Romanian-ch Open 2022"]
[Site "Eforie Nord"]
[Date "2022.02.22"]
[Round "3.1"]
[White "Ghimpu, Samuel-Timotei"]
[Black "Lupulescu, Constantin"]
[Result "1/2-1/2"]
[WhiteElo "2420"]
[BlackElo "2620"]
[Annotator "TA"]
[PlyCount "22"]
[EventDate "2022.02.20"]
[EventType "swiss"]
[EventCountry "ROU"]
[SourceTitle "playchess.com"]
[Source "ChessBase"]
[SourceQuality "1"]

{[%evp 10,22,5,0,-7,-12,-7,-3,-12,0,-7,-9,-6,-3,0]} 1. d4 d5 {[%cal Bd7d5,Bd5c4][%mdl 32]} 2. Nf3 Nf6 3. c4 e6 4. g3 Bb4+ 5. Nbd2 dxc4 6. Bg2 {The position is equal.} b5 {To avoid Qa4. E04: Open Catalan: 5 Nf3.} 7. O-O {[%cal Od2c4]} a5 8. a3 Be7 9. b3 cxb3 10. Qxb3 c6 11. Bb2 {[#]} Bb7 $146 {An uneventful encounter.  Weighted Error Value: White=0.00 (flawless) /Black=0.00 (flawless)} ({Predecessor:} 11... a4 12. Qc2 Bb7 13. Ne5 Nbd7 14. Nd3 O-O 15. Rac1 Rc8 16. Ne4 Nxe4 17. Bxe4 h6 {½-½ (81) Bosiocic,M (2603)-Cheparinov,I (2659) Mali Losinj 2021}) 1/2-1/2

[Event "Romanian-ch Open 2022"]
[Site "Eforie Nord"]
[Date "2022.02.22"]
[Round "3.2"]
[White "Nanu, Costica-Ciprian"]
[Black "Stoleriu, George"]
[Result "1-0"]
[WhiteElo "2513"]
[BlackElo "2419"]
[Annotator "TA"]
[PlyCount "67"]
[EventDate "2022.02.20"]
[EventType "swiss"]
[EventCountry "ROU"]
[SourceTitle "playchess.com"]
[Source "ChessBase"]
[SourceQuality "1"]

{[%evp 15,67,20,24,10,22,13,6,9,12,0,8,0,22,22,25,23,29,33,24,29,75,32,48,51,59,49,62,60,83,71,83,83,130,125,264,262,413,417,448,438,651,526,688,663,597,520,2613,2089,6020,5722,29988,29987,29990,29991]} 1. c4 e5 2. g3 Nc6 3. Bg2 g6 4. Nc3 Bg7 5. d3 d6 6. Rb1 Be6 7. b4 {[%cal Bb2b4,Bb4b5][%mdl 32]} Qd7 8. b5 Nd8 $1 9. Nf3 {A25: English Opening vs King's Indian with ...Nc6 but without early d3.} Bh3 10. Bxh3 Qxh3 11. Nd5 {The position is equal.} Qd7 {[#]} 12. e4 $146 ({Predecessor:} 12. a4 c6 13. bxc6 bxc6 14. Nc3 Ne7 15. Ba3 O-O 16. O-O f5 17. Qc2 Ne6 18. Rb3 {0-1 (37) Gemy Vargas,J (2380)-Kachko,A (2328) Chess.com INT 2020}) 12... Ne6 13. Be3 Ne7 14. h4 h5 15. Ng5 Nxd5 (15... Nc5 {is more complex.} 16. O-O O-O 17. a4 c6 18. Nxe7+ Qxe7 19. Kg2 Qd7) 16. cxd5 Nxg5 17. hxg5 f5 {[#]} (17... a6 $11) 18. gxf6 ({White should try} 18. exf5 $1 $16 {Threatens to win with f6.} Qxf5 19. Rc1) 18... Bxf6 $14 19. Kf1 Kf7 20. Kg2 Kg7 21. a4 b6 22. Rc1 {[%cal Bb1c1,Bc1c6,Bc6e6][%mdl 32]} Raf8 23. d4 h4 (23... exd4 $142 24. Bxd4 Bxd4 25. Qxd4+ Kg8) 24. dxe5 $16 h3+ {This move loses the game for Black.} (24... Bxe5 $16 {is a better defense.} 25. f4 (25. Rxh4 Rxh4 26. gxh4 Bf4 $14) (25. gxh4 Rh5 $16) 25... Bf6 26. gxh4 Bxh4) 25. Kh2 $18 dxe5 (25... Bxe5 {was necessary.} 26. Rc4 Rh7) 26. Rc6 {Active counter play!} Be7 27. Re6 Bd6 (27... Rf6 $142 28. Rxe5 Kf8) 28. Qg4 {[%csl Ge6][%cal Rg4g6] [#]} Rf6 29. f4 exf4 30. gxf4 {Strongly threatening Bd4.} Re8 (30... Bc5 $142) 31. Bd4 Bxf4+ 32. Kxh3 Bg5 33. Rf1 Rh8+ 34. Kg2 {Weighted Error Value: White=0.10 (very precise) /Black=0.72} 1-0

[Event "Romanian-ch Open 2022"]
[Site "Eforie Nord"]
[Date "2022.02.22"]
[Round "3.3"]
[White "Manolache, Marius"]
[Black "Toma, Radu-Cristian"]
[Result "0-1"]
[WhiteElo "2485"]
[BlackElo "2388"]
[Annotator "TA"]
[PlyCount "79"]
[EventDate "2022.02.20"]
[EventType "swiss"]
[EventCountry "ROU"]
[SourceTitle "playchess.com"]
[Source "ChessBase"]
[SourceQuality "1"]

{[%evp 11,79,-10,0,-10,-16,-19,-19,-42,-29,-26,-20,-33,-13,-24,-31,-69,-70,-71,-78,-60,-77,-74,-71,-97,-79,-80,-85,-72,-74,-103,-97,-106,-100,-99,-92,-104,-95,-88,0,-99,-91,-162,-141,-154,-125,-147,-156,-170,-170,-156,-48,-31,-35,-140,0,0,0,-5,-39,-114,-118,-200,-69,-70,0,-216,-45,-52,0,-2]} 1. d4 Nf6 2. Nf3 e6 3. e3 d5 4. c4 Bb4+ 5. Nc3 O-O 6. Bd2 b6 7. b3 {E51: Nimzo-Indian: Rubinstein: 4...0-0 5 Nf3 d5.} Bb7 8. a3 {[#]} Bd6 $146 ({Predecessor:} 8... Bxc3 9. Bxc3 Ne4 10. Rc1 Nd7 11. Bd3 f5 12. O-O Rf6 13. Bb2 Rg6 14. b4 dxc4 15. Bxc4 Rxg2+ 16. Kxg2 {1-0 (22) Smith,R (1402)-Brown,K (1796) Glasgow 2016}) 9. Qc2 a6 10. Be2 Nbd7 11. O-O Qe7 12. Rfd1 Bxa3 13. Rxa3 Qxa3 14. c5 $1 {[#] To avoid Qd6} Nxc5 $1 15. dxc5 Qxc5 16. b4 Qe7 (16... Qxb4 17. Nxd5 $1 Qc5 18. Qxc5 bxc5 19. Nxf6+ (19. Nxc7 Rad8 $11) 19... gxf6 20. Ba5 $14) 17. Ra1 Rfd8 (17... Qxb4 18. Nxd5 $1 Qd6 19. Nxf6+ gxf6 20. Bc3 $14) 18. Na4 Ne4 19. Be1 e5 {To avoid Nd4} 20. Qb2 f6 21. h4 Bc6 22. Bd1 Be8 23. Rc1 Rac8 24. Bb3 {[%cal Oa4b6]} a5 (24... Kh8 $17) 25. Nxb6 cxb6 $17 26. Rxc8 (26. Bxd5+ $17 Rxd5 27. Rxc8) 26... Rxc8 $19 27. Bxd5+ Bf7 28. Bxe4 a4 29. h5 Qc7 {[%mdl 1024] White must now prevent ...Qc1. Black has strong compensation.} 30. Qa3 {[#]} Qd7 (30... b5 $1 $17 31. h6 (31. Qd3 Qc4 $19) 31... Qc4) 31. b5 $1 $15 Qxb5 {Threatens to win with ...Qb3.} 32. h6 {[#]} ({White should play} 32. Qd6 $1 $15) 32... Qd7 (32... Rc5 $1 $17 {Strongly threatening ...Qb3.} 33. Nd2 Qe2) 33. hxg7 $11 Bg6 34. Bxg6 hxg6 {Chess con chili.} 35. Qb4 ({Better is} 35. Nd2 $15) 35... b5 $17 36. Qb2 (36. g4 $17) 36... Qc6 (36... Qxg7 37. Qxb5 e4 38. Nd4 $11) ({Black should try} 36... Kxg7 $19 {aiming for ...Qc6.} 37. Ba5 Ra8) 37. Qb4 $15 Qd7 ({Much weaker is} 37... Kxg7 $6 38. Qe7+ Kg8 39. Bb4 $11) (37... Qe6 $15 38. Bc3 (38. Qxb5 $2 a3 $19) 38... Qd7) 38. Qb2 $1 $19 Qe8 $2 ({And not} 38... Qxg7 39. Qxb5 e4 40. Qa6 $11) (38... Kxg7 $19 {Hoping for ...Qc6.} 39. Ba5 Ra8) 39. Bb4 $15 Qc6 (39... Kxg7 $15 40. Qd2 Rd8) 40. Ba3 {[%mdl 32768] Weighted Error Value: White=0.19 (very precise) /Black=0.31. Loss on time!?} 0-1

[Event "Romanian-ch Open 2022"]
[Site "Eforie Nord"]
[Date "2022.02.22"]
[Round "3.4"]
[White "Georgescu, Tiberiu-Marian"]
[Black "Filip, Andrei"]
[Result "1/2-1/2"]
[WhiteElo "2467"]
[BlackElo "2216"]
[Annotator "TA"]
[PlyCount "51"]
[EventDate "2022.02.20"]
[EventType "swiss"]
[EventCountry "ROU"]
[SourceTitle "playchess.com"]
[Source "ChessBase"]
[SourceQuality "1"]

{[%evp 19,51,-3,0,0,5,0,0,0,0,0,0,-170,0,0,0,0,0,-13,-24,-30,-10,-8,-6,-9,-10,-11,-8,-9,14,-10,0,0,0,0]} 1. d4 Nf6 2. Nf3 e6 3. c4 d5 4. e3 c5 5. Nc3 Nc6 6. a3 a6 7. dxc5 Bxc5 8. b4 Ba7 9. Bb2 O-O 10. cxd5 exd5 11. Be2 {D40: Queen's Gambit Declined: Semi-Tarrasch with 5 e3.} d4 12. exd4 Nxd4 13. Nxd4 Bxd4 14. O-O Ne4 {[#]} 15. Rc1 $146 {[#]} (15. Qc2 $11 {and White is okay.} Bxc3 16. Bxc3 Nxc3 17. Qxc3) ({Predecessor:} 15. Qc2 Nxc3 16. Bxc3 Bf5 17. Qxf5 Bxc3 18. Rad1 Qe7 19. Bd3 g6 20. Qf3 Rac8 21. Be4 {1-0 (31) Hoang,T (2303)-Pham,B (2163) Bac Giang 2014}) 15... Qb6 $2 (15... Nd2 $1 $19 {[%cal Oc8e6][%mdl 512] aiming for ...Be6!} 16. Bf3 Nxf1 17. Qxf1 Re8) 16. Qe1 $11 Qh6 17. Nxe4 Bxb2 18. Rc2 Be5 {[%csl Ge5][%cal Rh6h2]} 19. Ng3 Re8 {[%cal Oc8f5]} 20. Qd2 {The position is equal.} Bf4 21. Qd5 Rb8 22. Bc4 Be6 23. Qf3 Bf5 {A strong pair of Bishops.} 24. Bd3 Bxd3 25. Qxd3 Rbd8 26. Re2 {Weighted Error Value: White=0.23 (precise) /Black=0.17 (very precise)} 1/2-1/2

[Event "Romanian-ch Open 2022"]
[Site "Eforie Nord"]
[Date "2022.02.22"]
[Round "3.5"]
[White "Parligras, Mircea-Emilian"]
[Black "Cosma, Ioan"]
[Result "1-0"]
[WhiteElo "2575"]
[BlackElo "2396"]
[Annotator "TA"]
[PlyCount "77"]
[EventDate "2022.02.20"]
[EventType "swiss"]
[EventCountry "ROU"]
[SourceTitle "playchess.com"]
[Source "ChessBase"]
[SourceQuality "1"]

{[%evp 21,77,15,19,16,32,25,26,15,13,24,17,22,31,20,31,27,53,9,9,0,0,0,27,25,44,44,52,52,53,52,47,46,45,50,50,45,110,104,95,90,162,155,155,156,211,216,201,214,887,270,774,537,1365,1266,1139,1115,1513,1370]} 1. d4 e6 2. c4 Bb4+ 3. Bd2 Bxd2+ 4. Qxd2 d5 5. Nc3 Nf6 6. e3 O-O 7. Nf3 Qe7 8. cxd5 exd5 9. Bd3 c6 10. Qc2 Nbd7 {[%cal Bb8d7,Bd7f6,Bf6d5][%mdl 32]} 11. O-O Re8 12. Rab1 {D36: Queen's Gambit Declined: Exchange Variation: Main line (5 Bg5 c6 6 Qc2).} a5 13. a3 {[%cal Ba2a3,Ba3b4,Bb4b5][%mdl 32]} Ne4 14. Bxe4 {White has an edge.} dxe4 15. Nd2 {[%cal Rd2e4]} Nf6 (15... f5 {with more complications.} 16. Na4 Nf6 17. Nb6 Ra6 18. Qc5 Be6) 16. b4 axb4 17. axb4 {[#]} Nd5 $146 ({Predecessor:} 17... Bg4 18. Rfc1 Ra7 19. Nc4 Nd7 20. b5 h5 21. bxc6 bxc6 22. Nd2 Nf6 23. Nf1 h4 {1-0 (52) Iljin,T (2416)-Gorbatov,A (2386) Alushta 2009}) 18. b5 Bf5 19. Qb3 (19. bxc6 $14 bxc6 20. Ne2) 19... Be6 $11 {[%cal Od5e3] And now ...Nxe3! would win.} 20. Qb2 Nxc3 21. Qxc3 Bd5 22. Nc4 h5 23. Nb6 Rad8 24. Rfc1 h4 25. h3 Qg5 26. Nxd5 cxd5 27. Qc7 Re6 28. Kh1 Rg6 ({Black should try} 28... Qe7 $1 $14) 29. Rg1 $16 b6 {[#]} 30. Rbc1 $1 {[%cal Bb1c1,Bc1c6,Bc6c8][%mdl 32] aiming for Rc6.} Rdd6 (30... Rf8 $16 {was worth a try.}) 31. Rc6 $36 {[%mdl 2048] Black is under strong pressure.} Qd8 {[#]} 32. Qb7 $1 {Threatens to win with Rc8. White is more active.} Qf6 (32... Rd7 $16 33. Rc8 Rxb7 34. Rxd8+ Kh7) 33. Qb8+ Kh7 34. Rc8 {[%csl Gb8][%cal Rc8h8]} Rh6 $2 (34... Rg5 35. Rgc1 Re6) 35. Rgc1 $2 (35. f4 Kg6 36. Rgc1) 35... g5 $2 (35... Rh5 36. Kg1 Rf5) 36. R1c7 {Rf8 is the strong threat. White is clearly winning.} Kg6 37. Rc6 Kh5 38. Kg1 ({Stronger than} 38. Qxb6 Qxf2 39. Rxd6 Qe1+ 40. Kh2 Qg3+ 41. Kh1 Qe1+ 42. Kh2 Qg3+ 43. Kh1 Qe1+ $11) 38... g4 39. hxg4+ {Weighted Error Value: White=0.28 (precise) /Black=0.21 (precise)} 1-0

[Event "Romanian-ch Open 2022"]
[Site "Eforie Nord"]
[Date "2022.02.22"]
[Round "3.6"]
[White "Filip, Lucian-Ioan"]
[Black "Szabo, Gergely-Andras-Gyula"]
[Result "1/2-1/2"]
[WhiteElo "2391"]
[BlackElo "2524"]
[Annotator "TA"]
[PlyCount "46"]
[EventDate "2022.02.20"]
[EventType "swiss"]
[EventCountry "ROU"]
[SourceTitle "playchess.com"]
[Source "ChessBase"]
[SourceQuality "1"]

{[%evp 28,29,17,7]} 1. d4 Nf6 2. c4 e6 3. Nf3 c5 4. d5 exd5 5. cxd5 d6 6. Nc3 {[%cal Bb1c3,Bc3e4,Be4d6][%mdl 32]} g6 7. h3 Bg7 8. e4 O-O 9. Bd3 b5 10. Bxb5 Nxe4 11. Nxe4 Qa5+ 12. Nfd2 Qxb5 13. Nxd6 Qa6 14. N2c4 Nd7 15. O-O {[#]} {Predecessor:} Ne5 $146 {A70: Modern Benoni: 6 e4 g6 7 Nf3.} 16. Nxc8 Raxc8 17. Nxe5 Bxe5 18. Qf3 Rfe8 19. Rd1 Bd4 20. Be3 Bxb2 21. Rab1 Qf6 22. Qxf6 Bxf6 23. d6 Red8 {½-½ (34) Grischuk,A (2777)-Ponkratov,P (2631) Chess.com INT 2020} 1/2-1/2

[Event "Romanian-ch Open 2022"]
[Site "Eforie Nord"]
[Date "2022.02.22"]
[Round "3.7"]
[White "Gavrilescu, David"]
[Black "Manea, Alexandru"]
[Result "1/2-1/2"]
[WhiteElo "2512"]
[BlackElo "2355"]
[Annotator "TA"]
[PlyCount "80"]
[EventDate "2022.02.20"]
[EventType "swiss"]
[EventCountry "ROU"]
[SourceTitle "playchess.com"]
[Source "ChessBase"]
[SourceQuality "1"]

{[%evp 14,80,27,27,25,29,36,31,40,43,35,0,0,0,0,7,80,31,40,37,43,55,242,215,228,220,189,218,205,124,116,120,133,89,95,80,106,79,84,82,85,53,109,123,127,124,101,33,26,0,0,0,0,0,0,0,0,0,0,0,0,-58,-58,-58,0,0,0,0,0]} 1. e4 c5 2. Nf3 e6 3. d4 cxd4 4. Nxd4 Nc6 5. Nc3 Qc7 6. Be3 a6 7. a3 {7.g4 gains popularity.} b5 8. Nxc6 Qxc6 {B48: Sicilian: Taimanov: 5 Nc3 Qc7 6 Be3 a6 without Be2.} 9. Bd3 Bb7 10. Qd2 Nf6 {[#] White is slightly better.} 11. e5 $146 {Prevents Bd6.} ({Predecessor:} 11. f4 d6 12. O-O Be7 13. Rae1 O-O 14. Bd4 Nd7 15. Kh1 Bf6 16. Ne2 Bxd4 17. Nxd4 {1-0 (49) Guliev,L (2273)-Materia,M (2315) Chess.com INT 2021}) 11... Ng4 (11... Qxg2 $2 12. O-O-O Nd5 13. Be4 $16) 12. Be4 (12. Bd4 {keeps more tension.} f6 13. Be4 Qc7 14. f4 Be7 15. Qe2) 12... Qc7 13. Bxb7 Qxb7 14. Bf4 $36 {[%mdl 2048] With the idea f3. White is pushing.} f5 (14... f6 $11 {remains equal.}) 15. h3 ({White should play} 15. f3 $16 Nh6 16. Bxh6 gxh6 17. O-O) 15... Nh6 $14 16. Bxh6 gxh6 17. O-O-O h5 $2 {Prevents g4.} (17... a5 $14) 18. Qg5 $18 b4 19. Qxh5+ Kd8 20. axb4 Qxb4 21. Qf7 {[%csl Gd1][%cal Rf7d7] Really sharp!} Qe7 {[#]} 22. Qxe7+ Bxe7 23. Na4 {White is more active.} (23. f4 $142) 23... Rb8 $16 24. Rd4 Rg8 25. g4 ({Don't play} 25. Rhd1 Rxg2 26. Rxd7+ Ke8 $14) 25... Rf8 26. Rhd1 fxg4 27. hxg4 Rxf2 (27... Ke8 $14) 28. Rxd7+ Ke8 {[#]} 29. Ra7 $1 Rb4 30. b3 (30. Rxa6 $16 {Hoping for Kb1.} Rxg4 31. Kb1) 30... Rxg4 $14 31. Nb6 {Threatens to win with Rdd7.} (31. Rh1 $5 {[%cal Rh1h7]} h6 32. Rxa6 $16) 31... Rgg2 $1 32. Rc7 h5 33. Rdd7 Rg7 34. Kb1 {Strongly threatening Ra7.} h4 35. Nc8 {[%cal Rd7e7]} Rff7 36. Rd3 Rg3 {...Rxd3 is the strong threat.} 37. Nxe7 ({Better is} 37. Rd4 $11) 37... Rxd3 $15 ({Resist} 37... Rxe7 38. Rc8+ Kf7 39. Rxg3 hxg3 40. Rc3 $14) 38. cxd3 {[%cal Oc7c4]} Rxe7 (38... h3 $15 39. Rc8+ Kxe7) 39. Rc8+ $11 Kf7 40. Rh8 Rd7 {White really could win this.  Weighted Error Value: White=0.15 (very precise) /Black=0.21 (precise)} 1/2-1/2

[Event "Romanian-ch Open 2022"]
[Site "Eforie Nord"]
[Date "2022.02.22"]
[Round "3.8"]
[White "Miron, Lucian-Costin"]
[Black "Cnejev, Vladimir-Alexandru"]
[Result "1-0"]
[WhiteElo "2511"]
[BlackElo "2179"]
[Annotator "TA"]
[PlyCount "65"]
[EventDate "2022.02.20"]
[EventType "swiss"]
[EventCountry "ROU"]
[SourceTitle "playchess.com"]
[Source "ChessBase"]
[SourceQuality "1"]

{[%evp 13,65,27,33,31,25,35,52,48,48,43,106,93,90,87,90,102,102,97,100,74,84,81,124,114,122,86,94,87,343,333,323,328,502,498,487,476,521,523,507,469,420,427,495,475,469,437,439,370,833,810,797,726,29994,29995]} 1. d4 d5 2. c4 e6 3. Nf3 Nf6 4. Nc3 Be7 5. g3 O-O 6. Bg2 c6 7. O-O b6 8. Nd2 {E06: Closed Catalan: Early deviations.} Ba6 9. b3 b5 {[%cal Rd5c4]} 10. c5 $1 {White is slightly better.} b4 11. Na4 e5 (11... Bb5 $14) 12. dxe5 $16 Nfd7 {[%csl LRc5,LRe5]} 13. Nf3 {[#]} Nxc5 $146 ({Predecessor:} 13... Bb5 14. e6 fxe6 15. Nd4 Bf6 16. Nxe6 Qe7 17. Nxf8 Kxf8 18. Bf4 Nxc5 19. Nxc5 Bxa1 20. Qxa1 Qxc5 {1-0 (46) Azmaiparashvili,Z-Izvozchikov,A Tbilisi 1979}) 14. Nxc5 Bxc5 15. Qc2 Bb6 16. Bg5 ({Don't do} 16. Ng5 g6 $14) 16... Qd7 17. Rfd1 Re8 {[#]} (17... h6 $142) 18. Bf4 $1 {And now Ng5 would win.} Qe7 19. e4 ({But not} 19. Ng5 g6 $14) 19... dxe4 20. Qxe4 {Black must now prevent Ng5.} Bb7 $2 {[%mdl 8192] This costs Black the game.} (20... Nd7 $16) 21. Ng5 $18 g6 22. Qc4 {Threatens to win with Ne4.} Bc7 (22... Ba6 $142 23. Qc1 Qc5) 23. e6 fxe6 24. Bxc7 Qxg5 25. Qxb4 Ba6 26. Bf4 Qf6 27. Rac1 Qf7 28. Qd6 Bb7 29. Be5 a5 30. Bb2 {[#] White threatens Qe5 and mate. This bishop pair is nice.} h6 $2 (30... e5 31. Rc5 Qe7 32. Rxe5 Qxd6 33. Rxd6 Rxe5 34. Bxe5 Na6) 31. Qe5 {[%csl Gb2][%cal Re5h8]} Kh7 {To avoid Qh8+} 32. h4 {[%cal Oh4h5] Threatening mate with h5!} h5 33. Be4 {Weighted Error Value: White=0.08 (flawless) /Black=0.66} 1-0